[Event "Charlotte Spring-B 2022"]
[Site "Charlotte"]
[Date "2022.03.18"]
[Round "3.1"]
[White "Adewumi, Tanitoluwa"]
[Black "Wang, Tianqi"]
[Result "0-1"]
[WhiteElo "2190"]
[BlackElo "2322"]
[Annotator "TA"]
[PlyCount "78"]
[EventDate "2022.03.16"]
[EventType "tourn"]
[EventCountry "USA"]
[SourceTitle "playchess.com"]
[Source "ChessBase"]
[SourceQuality "1"]

{[%evp 12,78,26,15,18,20,20,10,30,6,34,12,33,20,9,0,22,15,23,16,19,0,0,0,12,0,9,18,12,8,79,83,82,77,74,72,66,68,65,34,45,25,35,0,54,-12,0,0,0,0,0,-14,0,0,0,-443,-443,-655,-637,-646,-601,-719,-718,-743,-719,-729,-695,-868,-856]} 1. e4 {ChessBase} d5 2. exd5 Qxd5 3. Nc3 Qa5 4. d4 Nf6 5. Nf3 {[%cal Bg1f3,Bf3e5,Be5c4][%mdl 32]} Bf5 6. Ne5 c6 7. Nc4 Qd8 {B01: Scandinavian Defence.} 8. Bf4 e6 9. Be2 Be7 {The position is equal.} 10. Bf3 {[#]} Bg6 $146 ({Predecessor:} 10... O-O 11. O-O Nd5 12. Nxd5 exd5 13. Ne3 Be6 14. Qd3 Bd6 15. Bg3 Bxg3 16. hxg3 Nd7 {½-½ (42) Slapikas,V (2275)-Pavlovicius,V (2325) Vilnius 1995 CBM 049 Extra [ChessBase]}) 11. O-O O-O 12. Re1 Nbd7 13. Bg3 Nb6 14. Ne5 Bf5 15. a3 a5 16. b3 {[%cal Bb2b3,Bb3c4,Bc4c5][%mdl 32]} Qc8 17. Qe2 Rd8 18. Red1 h6 19. Nc4 Nxc4 20. bxc4 Rd7 (20... a4 $11) 21. Na4 $16 Bd8 {Inhibits Nb6.} 22. c5 Re7 {[%cal Oe6e5]} 23. Rab1 Bc7 24. Bd6 Re8 25. Rb2 Nd7 26. c4 e5 {White must now prevent ...exd4.} 27. Qd2 Rb8 ({Better is} 27... Bd8 $11) 28. g3 ({White should play} 28. Bxc7 $14 Qxc7 29. d5) 28... Bxd6 29. cxd6 b5 30. cxb5 cxb5 31. Rc1 Qd8 32. Nc3 exd4 33. Nd5 $2 {[%mdl 8192]} (33. Qxd4 $11 {and White has nothing to worry.} Ne5 34. Be2) 33... Ne5 $1 $19 {[%csl LRd6,LRf3] Black is clearly winning.} 34. Qf4 (34. Bg2 $142 Qxd6 35. Rb3) 34... Nxf3+ 35. Qxf3 Be4 36. Ne7+ {[#]} Qxe7 $1 {[%mdl 512]} 37. Qf4 {[#]} (37. dxe7 Bxf3) 37... g5 $1 {[%mdl 512]} 38. dxe7 gxf4 39. Rc7 Rb7 {Weighted Error Value: White=0.48/Black=0.11 (very precise)} 0-1

[Event "Charlotte Spring-B 2022"]
[Site "Charlotte"]
[Date "2022.03.18"]
[Round "3.2"]
[White "Poliannikov, Danila"]
[Black "Arjun, Vishnuvardhan"]
[Result "1/2-1/2"]
[WhiteElo "2273"]
[BlackElo "2268"]
[Annotator "TA"]
[PlyCount "151"]
[EventDate "2022.03.16"]
[EventType "tourn"]
[EventCountry "USA"]
[SourceTitle "playchess.com"]
[Source "ChessBase"]
[SourceQuality "1"]

{[%evp 10,151,30,18,29,18,20,8,35,17,8,11,8,-10,-10,-12,-8,-15,-20,-15,-6,-58,-54,-70,-65,-90,-86,-86,-86,-94,-85,-86,-75,-100,-100,-100,-96,-101,-95,-120,-113,-123,-119,-129,-136,-180,-172,-164,-172,-170,-166,-164,-156,-160,-166,-173,-161,-164,-165,-152,-149,-250,-249,-243,-234,-229,-211,-315,-231,-249,-249,-252,-181,-172,0,0,0,0,0,0,0,0,0,0,0,0,0,0,0,0,0,0,0,0,0,0,0,0,0,0,0,0,0,0,0,0,0,0,0,0,0,0,0,0,0,0,0,0,0,0,0,0,0,0,0,0,0,0,0,0,0,0,0,0,0,0,0,0,0,0,0,0,0,0]} 1. e4 c6 2. Nc3 d5 3. Nf3 dxe4 4. Nxe4 Nf6 5. Qe2 Nxe4 6. Qxe4 Qa5 {B11: Caro-Kann: Two Knights Variation.} 7. b4 Qd5 8. Qf4 {[#]} Qe6+ $146 ({Predecessor:} 8... Bf5 9. Bc4 Qd7 10. Ne5 Qc8 11. Nxf7 Rg8 12. Nh6 gxh6 13. Bxg8 Bg7 14. c3 Be6 15. Bxe6 Qxe6+ {1-0 (27) Tregubov,P (2537)-Dudzinski,P (2193) Chess.com INT 2022}) 9. Qe3 Qxe3+ 10. fxe3 Bf5 11. c4 e6 12. a3 a5 13. bxa5 ({Of course not} 13. Bb2 axb4 14. axb4 Rxa1+ 15. Bxa1 Bxb4 $15) 13... Rxa5 14. Bb2 Nd7 {[%cal Bb8d7,Bd7c5,Bc5a4][%mdl 32]} 15. d3 ({White should play} 15. Be2 $11) 15... Nc5 $15 16. e4 Bg6 17. Ne5 Na4 18. Nxg6 hxg6 19. Bc1 Bc5 20. Rb1 Ra7 21. Rb3 Bd4 22. Be2 e5 23. h3 Kd8 24. Rf1 f6 25. Kd2 Kc7 26. Kc2 Rha8 27. h4 (27. Kd2 $17 {was necessary.}) 27... Nc5 $19 28. Rb1 Rxa3 29. Bxa3 Rxa3 30. Rfc1 Ra2+ {[%mdl 1024] Black has strong compensation.} 31. Kd1 {[#]} Na4 $1 32. Rb3 Bb2 (32... Nc5 33. Rbb1 $17) 33. Rc2 {Kd2 is the strong threat.} Ra1+ 34. Kd2 Bd4 35. Bd1 (35. Bg4 $17) 35... Nc5 36. Rb4 f5 {Inhibits Bg4.} ({Not} 36... Ra3 37. Bf3) 37. exf5 gxf5 38. Be2 (38. h5 $142) 38... Ne6 39. Bf3 Bb6 {[#] Strongly threatening ...Ba5.} 40. Rbb2 Nd4 41. Rc1 Nxf3+ $2 ({Better is} 41... Ba5+ $19 42. Kd1 Ra3) 42. gxf3 $11 {The position is equal.} Be3+ $1 43. Kxe3 Rxc1 {[%mdl 4096] Endgame KR-KR} 44. Rg2 Rh1 45. Rxg7+ Kd6 46. Rxb7 Rxh4 47. Rf7 Ke6 {To avoid Rf6+} 48. Rc7 Kd6 49. Rg7 Rh6 50. Rg8 Ke6 51. Rc8 Kd6 52. Rd8+ Ke7 53. Rg8 Kd6 54. Rf8 Ke6 55. Rd8 Rh2 56. Re8+ Kd6 57. Rg8 f4+ 58. Ke4 {Black must now prevent Rg6+.} Re2+ 59. Kf5 Re3 60. Re8 Rxf3 {Threatens to win with ...Re3.} 61. Rxe5 Rxd3 62. c5+ Kd7 63. Kxf4 Rd1 64. Rf5 Ke6 {( -> ...Rf1+)} 65. Rh5 Rd5 66. Rh6+ Kd7 67. Rh7+ Kc8 68. Ke4 Rxc5 69. Kd4 Rc1 70. Rg7 Kb8 71. Rh7 Kc8 72. Rg7 Rd1+ 73. Kc5 Rd7 74. Rg6 Kb7 75. Rxc6 Rc7 76. Rxc7+ {Whites escaped into a draw.  Weighted Error Value: White=0.11 (very precise) /Black=0.09 (flawless)} 1/2-1/2

[Event "Charlotte Spring-B 2022"]
[Site "Charlotte"]
[Date "2022.03.18"]
[Round "3.3"]
[White "Johnson, Donald"]
[Black "Plotkin, Mark"]
[Result "0-1"]
[WhiteElo "2060"]
[BlackElo "2400"]
[Annotator "TA"]
[PlyCount "174"]
[EventDate "2022.03.16"]
[EventType "tourn"]
[EventCountry "USA"]
[SourceTitle "playchess.com"]
[Source "ChessBase"]
[SourceQuality "1"]

{[%evp 24,174,89,58,68,50,54,53,60,52,58,58,72,31,45,56,48,40,43,44,61,50,51,56,47,49,62,75,73,68,103,65,198,66,129,118,102,89,70,80,102,23,79,79,79,75,72,79,84,64,131,134,372,367,356,219,223,223,223,223,223,223,223,223,223,223,223,223,223,223,209,198,198,117,198,198,173,173,198,198,210,197,205,133,166,0,0,0,0,0,0,0,0,0,0,0,0,0,0,0,0,0,0,0,0,0,0,0,0,0,0,0,0,0,0,0,0,0,0,0,0,0,0,0,0,0,0,-8,-8,0,0,-9045,-695,-29978,-29979,-29978,-29979,-29979,-29980,-29983,-29984,-29984,-29985,-29985,-29986,-29986,-29987,-29987,-29988,-29987,-29987,-29988,-29989]} 1. e4 c5 2. Nf3 Nc6 3. d4 cxd4 4. Nxd4 g6 5. c4 Bg7 6. Be3 Nf6 7. Nc3 Ng4 8. Qxg4 Nxd4 9. Qd1 Ne6 10. Qd2 d6 11. Be2 Bd7 12. O-O O-O 13. Rac1 Bc6 {B39: Sicilian: Maroczy Bind with 5...Bg7 and 7...Ng4.} 14. f3 a5 15. b3 Nc5 {White is slightly better.} 16. Rc2 Qb6 17. Rb1 Qb4 18. Kh1 ({White should try} 18. Qc1 $16 {aiming for a3.} Qb6 19. Rd2) 18... Rfc8 19. Qc1 Qb6 20. a3 {b4 is the strong threat.} Qd8 {[#]} 21. Bf1 $146 ({Predecessor:} 21. Nd5 e6 22. Nc3 e5 23. Nd5 a4 24. b4 Nb3 25. Qd1 Nd4 26. Bxd4 exd4 27. Bd3 {0-1 (51) Vrsek,I (2228)-Veleski,R (2232) Topusko 2014}) 21... Qf8 22. Nd5 Nd7 23. Qd2 e6 24. Nc3 Nf6 25. b4 axb4 26. axb4 Ra3 27. Rd1 Rd8 (27... Bd7 $14) 28. Bb6 (28. b5 $18) 28... Rda8 (28... Rc8 $1 $14) 29. b5 ({And not} 29. Qxd6 Qxd6 30. Rxd6 Nd7 $15) 29... Bd7 30. Qxd6 Qxd6 31. Rxd6 Be8 32. Bd4 (32. Nb1 $16 Ra1 33. Rc1) 32... Ra1 (32... Bf8 $11 33. e5 (33. Rb6 Ra1 $11) 33... Bxd6 34. exd6 Nd7) 33. Kg1 $36 {[%mdl 2048] Black is under strong pressure.} Nd7 34. Bxg7 Kxg7 35. Rcd2 Nc5 36. Rd8 Rxd8 (36... f5 $14) 37. Rxd8 Bd7 (37... Kf8 $16) 38. e5 $1 $18 Re1 39. Kf2 Rxe5 40. Ne4 $1 Rxe4 41. fxe4 {[%mdl 4096] Endgame KRB-KBN} e5 42. Ke3 Kf6 43. g3 Ke7 44. Ra8 Kd6 45. Ra1 Bg4 46. Ra2 Be6 47. h4 h5 48. Rh2 (48. Ra5 $18) 48... Nb3 (48... Na4 $16 {is a better defense.} 49. Ra2 Nc5) 49. Rc2 $1 Kc5 50. Ra2 $1 {Prevents Na5.} b6 51. Ra7 Na5 52. Kd2 $1 {And now Kc3 would win.} Kd4 {[#]} 53. Ra6 $1 Bxc4 {[#]} 54. Bxc4 (54. Be2 $1 $18 {[%cal Oa6a5] Strongly threatening Rxa5!} Kc5 55. Bxc4 Nxc4+ 56. Kd3) 54... Nxc4+ $16 {KR-KN} 55. Kc2 {Hoping for Ra7.} Kxe4 56. Kc3 Kd5 57. Ra7 Nd6 58. Kd3 Kc5 59. Rd7 Kd5 60. Ke3 Ke6 {[%csl LRb5,LRd7]} 61. Rc7 Nxb5 62. Rc6+ Kf5 63. Rxb6 Nd4 64. Rb7 f6 65. Rf7 Nc2+ 66. Kd3 Nb4+ 67. Ke3 Nd5+ 68. Kd3 e4+ 69. Kd4 Nb4 70. Rc7 $1 {Prevents Nc2+.} Nd3 71. Rc2 Ne5 72. Rf2+ Nf3+ 73. Ke3 g5 74. Ra2 Kg4 75. Kxe4 Kxg3 76. hxg5 fxg5 {[%cal Bf6g5,Bg5g4,Bg4g3][%mdl 32]} 77. Ra1 $2 {[%mdl 8192]} (77. Ra3 $11 g4 78. Kf5) 77... h4 $19 {White must now prevent ...h3.} 78. Kf5 h3 {Black mates.} 79. Rb1 h2 80. Ra1 g4 81. Rb1 Ng1 82. Rb3+ Kf2 83. Rb2+ Ne2 84. Rb1 g3 85. Rh1 Kg2 86. Re1 Ng1 87. Kg4 h1=Q {Black used his chance.  Weighted Error Value: White=0.17 (very precise) /Black=0.18 (very precise)} 0-1

[Event "Charlotte Spring-B 2022"]
[Site "Charlotte"]
[Date "2022.03.18"]
[Round "3.4"]
[White "Rusonik, Max"]
[Black "Almeida Saenz, Alfonso"]
[Result "1/2-1/2"]
[WhiteElo "2141"]
[BlackElo "2259"]
[Annotator "TA"]
[PlyCount "44"]
[EventDate "2022.03.16"]
[EventType "tourn"]
[EventCountry "USA"]
[SourceTitle "playchess.com"]
[Source "ChessBase"]
[SourceQuality "1"]

{[%evp 14,44,58,54,53,39,28,25,49,13,13,24,28,27,26,20,29,13,67,61,94,60,89,48,54,16,20,0,47,0,18,0,31]} 1. e4 c5 2. Nf3 Nc6 3. d4 cxd4 4. Nxd4 Nf6 5. Nc3 d6 6. Bg5 Bd7 7. Qd2 Nxd4 {7...a6 is a critical line.} 8. Qxd4 Qa5 {B61: Sicilian: Richter-Rauzer: 6...Bd7 7 Qd2.} 9. Qd2 Rc8 10. f3 a6 {White has an edge.} 11. h4 h6 12. Be3 {[#]} g6 $146 ({Predecessor:} 12... e6 13. g4 b5 14. Bd3 b4 15. Ne2 d5 16. e5 Ng8 17. Nd4 Bc5 18. Nb3 Bxe3 19. Qxe3 {0-1 (42) Kayrak,M (1628)-Kostov,D (1830) Antalya 2019}) 13. O-O-O Bg7 14. Kb1 Be6 15. Nd5 Qa4 (15... Qxd2 $11 16. Rxd2 Nxd5 17. exd5 Bf5) 16. c4 $14 {[%cal Bc2c4,Bc4d5][%mdl 32] Threatens to win with Nb6. White is more active.} Bxd5 17. cxd5 h5 18. Bd3 (18. Bd4 $16) 18... Nd7 19. Bc2 Qb5 {[%csl Gg7][%cal Rb5b2] [#]} 20. Bd3 Qa4 21. Bc2 Qb5 {[%csl Gg7][%cal Rb5b2]} 22. Bd3 Qa4 {Weighted Error Value: White=0.18 (very precise) /Black=0.12 (very precise)} 1/2-1/2

[Event "Charlotte Spring-B 2022"]
[Site "Charlotte"]
[Date "2022.03.18"]
[Round "3.5"]
[White "Mishra, Prateek"]
[Black "Ngo, Bach"]
[Result "0-1"]
[WhiteElo "2128"]
[BlackElo "2306"]
[Annotator "RC"]
[PlyCount "58"]
[EventDate "2022.03.16"]
[EventType "tourn"]
[EventCountry "USA"]
[SourceTitle "playchess.com"]
[Source "ChessBase"]
[SourceQuality "1"]
[TimeControl "5400+30"]

1. e4 {[%emt 0:00:59]} e5 {[%emt 0:00:07]} 2. Nf3 {[%emt 0:00:04]} Nc6 {[%emt 0:00:05]} 3. Bb5 {[%emt 0:00:05]} a6 {[%emt 0:00:08]} 4. Ba4 {[%emt 0:00:04]} Nf6 {[%emt 0:00:08]} 5. O-O {[%emt 0:00:04]} Be7 {[%emt 0:00:27]} 6. d3 {[%emt 0:00:07]} b5 {[%emt 0:00:20]} 7. Bb3 {[%emt 0:00:05]} d6 {[%emt 0:00:07]} 8. a3 {[%emt 0:00:05]} O-O {[%emt 0:00:10]} 9. Nc3 {[%emt 0:00:07]} Be6 {[%emt 0:00:10]} 10. Be3 {[%emt 0:00:56]} h6 {[%emt 0:14:30]} 11. Nd5 {[%emt 0:04:46]} Na5 {[%emt 0:00:45]} 12. Ba2 {[%emt 0:01:59]} Nxd5 {[%emt 0:03:01]} 13. exd5 {[%emt 0:01:08]} Bg4 {[%emt 0:00:17]} 14. h3 {[%emt 0:08:09]} Bh5 {[%emt 0:00:14]} 15. Qe1 {[%emt 0:23:26]} Bxf3 {[%emt 0:03:08]} 16. gxf3 {[%emt 0:04:10]} Nb7 {[%emt 0:02:05]} 17. Kh2 {[%emt 0:06:13]} Nc5 {[%emt 0:13:20]} 18. Rg1 {[%emt 0:02:48]} Kh7 {[%emt 0:11:03]} 19. c4 {[%emt 0:13:02]} f5 {[%emt 0:00:52]} 20. f4 {[%emt 0:17:08]} exf4 {[%emt 0:06:13]} 21. Bxf4 {[%emt 0:02:19]} Bf6 {[%emt 0:06:44]} 22. Qd2 {[%emt 0:01:14]} Bd4 {[%emt 0:02:43]} 23. Rae1 {[%emt 0:03:27]} Qh4 {[%emt 0:05:09]} 24. Rg3 {[%emt 0:05:56]} Rae8 {[%emt 0:01:51]} 25. Rxe8 {[%emt 0:00:22]} Rxe8 {[%emt 0:00:09]} 26. Be3 {[%emt 0:00:51]} Nd7 {[%emt 0:13:13]} 27. Bb3 {[%emt 0:01:23]} Ne5 {[%emt 0:01:21]} 28. Bxd4 {[%emt 0:01:20]} Qxd4 {[%emt 0:00:13]} 29. cxb5 {[%emt 0:00:50]} f4 {[%emt 0:00:25]} 0-1

[Event "Charlotte Spring-B 2022"]
[Site "Charlotte"]
[Date "2022.03.18"]
[Round "4.1"]
[White "Wang, Tianqi"]
[Black "Ngo, Bach"]
[Result "1/2-1/2"]
[WhiteElo "2322"]
[BlackElo "2306"]
[Annotator "ChessBase"]
[PlyCount "94"]
[EventDate "2022.03.16"]
[EventType "tourn"]
[EventCountry "USA"]
[SourceTitle "playchess.com"]
[Source "ChessBase"]
[SourceQuality "1"]
[TimeControl "5400+30"]

1. b3 {[%emt 0:02:54]} Nf6 {[%emt 1:31:00]} 2. Bb2 {[%emt 0:00:07]} d5 {[%emt 0:00:00]} 3. Nf3 {[%emt 0:00:20]} e6 {[%emt 0:00:00]} 4. c4 {[%emt 0:00:22]} Be7 {[%emt 0:00:00]} 5. e3 {[%emt 0:00:04]} O-O {[%emt 0:00:00]} 6. Nc3 {[%emt 0:00:08]} c5 {[%emt 0:00:00]} 7. cxd5 {[%emt 0:00:19]} Nxd5 {[%emt 0:00:00]} 8. Qc2 {[%emt 0:00:31]} Nc6 {[%emt 0:00:00]} 9. a3 {[%emt 0:00:07]} b6 {[%emt 0:00:00]} 10. h4 {[%emt 0:00:07]} h6 {[%emt 0:00:00]} 11. Nxd5 {[%emt 0:31:19]} exd5 {[%emt 0:00:00]} 12. d4 {[%emt 0:00:36]} Be6 {[%emt 0:00:00]} 13. Bb5 {[%emt 0:23:28]} Rc8 {[%emt 0:00:00]} 14. dxc5 {[%emt 0:04:37]} bxc5 {[%emt 0:00:00]} 15. O-O {[%emt 0:01:23]} Qb6 {[%emt 0:00:00]} 16. Bxc6 {[%emt 0:03:21]} Rxc6 {[%emt 0:00:00]} 17. Rfc1 {[%emt 0:01:24]} Rcc8 {[%emt 0:00:00]} 18. Qd3 {[%emt 0:04:53]} a5 {[%emt 0:00:00]} 19. Rab1 {[%emt 0:01:48]} Rfd8 {[%emt 0:00:00]} 20. Bc3 {[%emt 0:01:50]} d4 {[%emt 0:00:00]} 21. exd4 {[%emt 0:06:48]} cxd4 {[%emt 0:00:00]} 22. Bxd4 {[%emt 0:01:12]} Rxc1+ {[%emt 0:00:00]} 23. Rxc1 {[%emt 0:00:01]} Qxb3 {[%emt 0:00:00]} 24. Rc3 {[%emt 0:00:33]} Qa4 {[%emt 0:00:00]} 25. Qe3 {[%emt 0:00:44]} Bxh4 {[%emt 0:00:00]} 26. Rc7 {[%emt 0:05:36]} Bg5 {[%emt 0:00:00]} 27. Nxg5 {[%emt 0:05:18]} hxg5 {[%emt 0:00:00]} 28. Bc3 {[%emt 0:00:22]} Rd1+ {[%emt 0:00:00]} 29. Be1 {[%emt 0:00:06]} Qf4 {[%emt 0:00:00]} 30. Rc3 {[%emt 0:00:01]} a4 {[%emt 0:00:00]} 31. Qe2 {[%emt 0:00:27]} Qd6 {[%emt 0:00:00]} 32. Re3 {[%emt 0:00:12]} Ra1 {[%emt 0:00:00]} 33. Qb2 {[%emt 0:01:15]} Rd1 {[%emt 0:00:00]} 34. Qc2 {[%emt 0:00:21]} Qd4 {[%emt 0:00:00]} 35. Qc6 {[%emt 0:01:30]} Kh7 {[%emt 0:00:00]} 36. Qc2+ {[%emt 0:01:22]} Kg8 {[%emt 0:00:00]} 37. Qc6 {[%emt 0:00:09]} Qc4 {[%emt 0:00:00]} 38. Qxc4 {[%emt 0:00:18]} Bxc4 {[%emt 0:00:00]} 39. Kh2 {[%emt 0:00:01]} f5 {[%emt 0:00:00]} 40. Re5 {[%emt 0:00:18]} g6 {[%emt 0:00:11]} 41. Bb4 {[%emt 0:00:19]} Bb3 {[%emt 0:01:06]} 42. Re7 {[%emt 0:00:14]} Rd3 {[%emt 0:00:34]} 43. Re3 {[%emt 0:00:57]} Rd5 {[%emt 0:00:12]} 44. Re6 {[%emt 0:00:27]} Kf7 {[%emt 0:00:52]} 45. Rd6 {[%emt 0:00:25]} Re5 {[%emt 0:01:25]} 46. Bc3 {[%emt 0:00:08]} Re6 {[%emt 0:00:52]} 47. Rxe6 {[%emt 0:00:17]} Kxe6 {[%emt 0:00:09]} 1/2-1/2

[Event "Charlotte Spring-B 2022"]
[Site "Charlotte"]
[Date "2022.03.18"]
[Round "4.2"]
[White "Almeida Saenz, Alfonso"]
[Black "Mishra, Prateek"]
[Result "0-1"]
[WhiteElo "2259"]
[BlackElo "2128"]
[Annotator "ChessBase"]
[PlyCount "84"]
[EventDate "2022.03.16"]
[EventType "tourn"]
[EventCountry "USA"]
[SourceTitle "playchess.com"]
[Source "ChessBase"]
[SourceQuality "1"]
[TimeControl "5400+30"]

1. e4 {[%emt 0:01:23]} e5 {[%emt 0:00:05]} 2. Nf3 {[%emt 0:00:15]} Nc6 {[%emt 0:00:06]} 3. Bc4 {[%emt 0:00:20]} Bc5 {[%emt 0:00:14]} 4. c3 {[%emt 0:01:03]} Nf6 {[%emt 0:00:14]} 5. d3 {[%emt 0:01:13]} a5 {[%emt 0:01:34]} 6. O-O {[%emt 0:00:11]} d6 {[%emt 0:00:28]} 7. h3 {[%emt 0:00:57]} O-O {[%emt 0:00:28]} 8. Re1 {[%emt 0:00:32]} Be6 {[%emt 0:01:05]} 9. Nbd2 {[%emt 0:00:21]} a4 {[%emt 0:06:22]} 10. Bb5 {[%emt 0:00:54]} Qb8 {[%emt 0:00:43]} 11. Nf1 {[%emt 0:02:20]} Ra5 {[%emt 0:09:03]} 12. Bc4 {[%emt 0:02:58]} Qa7 {[%emt 0:05:27]} 13. Qc2 {[%emt 0:00:57]} Bxc4 {[%emt 0:16:46]} 14. dxc4 {[%emt 0:00:01]} Nd8 {[%emt 0:03:21]} 15. Bg5 {[%emt 0:00:58]} Nh5 {[%emt 0:03:12]} 16. Bxd8 {[%emt 0:00:20]} Rxd8 {[%emt 0:00:14]} 17. g3 {[%emt 0:00:35]} c6 {[%emt 0:08:14]} 18. Rad1 {[%emt 0:00:12]} Rb8 {[%emt 0:01:30]} 19. Re2 {[%emt 0:05:24]} b5 {[%emt 0:01:34]} 20. b4 {[%emt 0:00:14]} axb3 {[%emt 0:00:13]} 21. axb3 {[%emt 0:00:01]} b4 {[%emt 0:00:36]} 22. cxb4 {[%emt 0:00:30]} Rxb4 {[%emt 0:00:47]} 23. Kg2 {[%emt 0:01:28]} g6 {[%emt 0:01:57]} 24. Rd3 {[%emt 0:01:16]} Ng7 {[%emt 0:00:35]} 25. Qd2 {[%emt 0:00:16]} Ne6 {[%emt 0:01:57]} 26. Qh6 {[%emt 0:01:34]} Qe7 {[%emt 0:04:07]} 27. N1h2 {[%emt 0:00:24]} Ra3 {[%emt 0:01:42]} 28. Rb2 {[%emt 0:01:39]} f5 {[%emt 0:14:33]} 29. Nd2 {[%emt 0:11:53]} Bd4 {[%emt 0:00:34]} 30. Rc2 {[%emt 0:00:10]} Nc5 {[%emt 0:00:20]} 31. Rxd4 {[%emt 0:00:49]} exd4 {[%emt 0:00:19]} 32. exf5 {[%emt 0:00:06]} gxf5 {[%emt 0:02:45]} 33. Nhf3 {[%emt 0:00:24]} Nxb3 {[%emt 0:01:53]} 34. Rb2 {[%emt 0:01:03]} c5 {[%emt 0:00:25]} 35. Qf4 {[%emt 0:05:06]} Nxd2 {[%emt 0:01:21]} 36. Rxb4 {[%emt 0:00:44]} cxb4 {[%emt 0:02:40]} 37. Nxd2 {[%emt 0:00:03]} Rd3 {[%emt 0:02:13]} 38. g4 {[%emt 0:02:38]} fxg4 {[%emt 0:01:15]} 39. hxg4 {[%emt 0:00:07]} Qe5 {[%emt 0:01:19]} 40. Qh6 {[%emt 0:00:04]} b3 {[%emt 0:00:43]} 41. f3 {[%emt 0:03:17]} b2 {[%emt 0:00:27]} 42. Ne4 {[%emt 0:00:01]} b1=Q {[%emt 0:01:17]} 0-1

[Event "Charlotte Spring-B 2022"]
[Site "Charlotte"]
[Date "2022.03.18"]
[Round "4.3"]
[White "Plotkin, Mark"]
[Black "Rusonik, Max"]
[Result "0-1"]
[WhiteElo "2400"]
[BlackElo "2141"]
[Annotator "ChessBase"]
[PlyCount "152"]
[EventDate "2022.03.16"]
[EventType "tourn"]
[EventCountry "USA"]
[SourceTitle "playchess.com"]
[Source "ChessBase"]
[SourceQuality "1"]
[TimeControl "5400+30"]

1. d4 {[%emt 0:01:32]} Nf6 {[%emt 1:31:00]} 2. Nf3 {[%emt 0:00:25]} d5 {[%emt 0:00:00]} 3. g3 {[%emt 0:00:10]} e6 {[%emt 0:00:00]} 4. Bg2 {[%emt 0:00:04]} c5 {[%emt 0:00:00]} 5. O-O {[%emt 0:00:05]} Nc6 {[%emt 0:00:00]} 6. b3 {[%emt 0:00:22]} cxd4 {[%emt 0:00:00]} 7. Nxd4 {[%emt 0:00:14]} Bc5 {[%emt 0:00:00]} 8. Bb2 {[%emt 0:01:09]} Bd7 {[%emt 0:00:00]} 9. e3 {[%emt 0:01:21]} Rc8 {[%emt 0:00:00]} 10. Nd2 {[%emt 0:00:39]} Nxd4 {[%emt 0:00:00]} 11. exd4 {[%emt 0:00:43]} Bb4 {[%emt 0:00:00]} 12. c4 {[%emt 0:09:18]} Qa5 {[%emt 0:00:00]} 13. Nf3 {[%emt 0:00:34]} dxc4 {[%emt 0:00:00]} 14. a3 {[%emt 0:00:16]} Bd6 {[%emt 0:00:00]} 15. bxc4 {[%emt 0:00:09]} Rxc4 {[%emt 0:00:00]} 16. Ne5 {[%emt 0:00:08]} Bxe5 {[%emt 0:00:00]} 17. dxe5 {[%emt 0:00:03]} Nd5 {[%emt 0:00:00]} 18. Qd3 {[%emt 0:07:40]} Rc8 {[%emt 0:00:00]} 19. Rfd1 {[%emt 0:02:09]} Bc6 {[%emt 0:00:00]} 20. a4 {[%emt 0:17:17]} O-O {[%emt 0:00:00]} 21. Ba3 {[%emt 0:00:15]} Rfd8 {[%emt 0:00:00]} 22. Bd6 {[%emt 0:00:52]} Nc3 {[%emt 0:00:00]} 23. Bxc6 {[%emt 0:03:36]} Nxd1 {[%emt 0:00:00]} 24. Bf3 {[%emt 0:02:05]} Qe1+ {[%emt 0:00:00]} 25. Qf1 {[%emt 0:00:10]} Qxf1+ {[%emt 0:00:00]} 26. Kxf1 {[%emt 0:00:05]} Nb2 {[%emt 0:00:00]} 27. Bxb7 {[%emt 0:00:27]} Rc2 {[%emt 0:00:00]} 28. Ba6 {[%emt 0:17:54]} Nc4 {[%emt 0:01:26]} 29. Bxc4 {[%emt 0:00:44]} Rxc4 {[%emt 0:00:02]} 30. a5 {[%emt 0:00:23]} Rc2 {[%emt 0:01:47]} 31. Rb1 {[%emt 0:00:28]} Ra2 {[%emt 0:00:20]} 32. Bc7 {[%emt 0:01:21]} Rc8 {[%emt 0:02:02]} 33. Rb7 {[%emt 0:00:05]} Rc2 {[%emt 0:01:06]} 34. Bd6 {[%emt 0:01:14]} a6 {[%emt 0:00:23]} 35. Ra7 {[%emt 0:00:16]} R2c6 {[%emt 0:00:03]} 36. h4 {[%emt 0:00:46]} h5 {[%emt 0:00:23]} 37. Kg2 {[%emt 0:00:15]} Rc2 {[%emt 0:07:47]} 38. Rxa6 {[%emt 0:00:42]} Ra2 {[%emt 0:00:02]} 39. Kf3 {[%emt 0:06:40]} Rc3+ {[%emt 0:01:02]} 40. Kg2 {[%emt 0:00:06]} Rcc2 {[%emt 0:00:17]} 41. Kf3 {[%emt 0:00:11]} Rxf2+ {[%emt 0:00:29]} 42. Ke3 {[%emt 0:00:06]} Rg2 {[%emt 0:00:18]} 43. Kf3 {[%emt 0:00:09]} Kh7 {[%emt 0:00:33]} 44. Ra8 {[%emt 0:01:06]} Rg1 {[%emt 0:00:36]} 45. Bc5 {[%emt 0:00:31]} Rb1 {[%emt 0:00:37]} 46. a6 {[%emt 0:01:15]} Rb5 {[%emt 0:00:38]} 47. Bd4 {[%emt 0:00:23]} Rd5 {[%emt 0:00:26]} 48. Bb6 {[%emt 0:00:21]} Rxe5 {[%emt 0:00:56]} 49. a7 {[%emt 0:00:04]} Rb5 {[%emt 0:00:07]} 50. Rb8 {[%emt 0:00:47]} Rxb6 {[%emt 0:00:20]} 51. Rxb6 {[%emt 0:00:03]} Rxa7 {[%emt 0:00:15]} 52. Rb5 {[%emt 0:00:10]} Kh6 {[%emt 0:01:02]} 53. Re5 {[%emt 0:00:05]} Ra4 {[%emt 0:00:18]} 54. Rb5 {[%emt 0:00:22]} Rg4 {[%emt 0:00:29]} 55. Rb7 {[%emt 0:00:06]} Kg6 {[%emt 0:03:16]} 56. Rb5 f6 {[%emt 0:00:00]} 57. Ra5 {[%emt 0:00:15]} e5 {[%emt 0:00:00]} 58. Ra7 {[%emt 0:00:21]} Kf5 {[%emt 0:01:30]} 59. Rb7 {[%emt 0:00:06]} g6 {[%emt 0:00:00]} 60. Kg2 {[%emt 0:00:17]} Ra4 {[%emt 0:00:00]} 61. Kh3 {[%emt 0:00:07]} Rd4 {[%emt 0:00:00]} 62. Rb6 {[%emt 0:00:07]} Rd5 {[%emt 0:00:00]} 63. Kg2 {[%emt 0:00:45]} Rd2+ {[%emt 0:00:00]} 64. Kh3 {[%emt 0:00:40]} Rf2 {[%emt 0:00:13]} 65. Rb8 {[%emt 0:00:17]} e4 {[%emt 0:00:40]} 66. Re8 {[%emt 0:00:16]} Re2 {[%emt 0:00:43]} 67. Ra8 {[%emt 0:00:18]} e3 {[%emt 0:01:16]} 68. Ra5+ {[%emt 0:00:06]} Ke4 {[%emt 0:00:07]} 69. Ra4+ {[%emt 0:00:04]} Kd3 {[%emt 0:00:58]} 70. Ra3+ {[%emt 0:00:02]} Kd2 {[%emt 0:02:03]} 71. Ra2+ {[%emt 0:00:03]} Ke1 {[%emt 0:00:00]} 72. Ra1+ {[%emt 0:00:33]} Kf2 {[%emt 0:01:00]} 73. Ra6 {[%emt 0:00:02]} f5 {[%emt 0:00:00]} 74. Rxg6 {[%emt 0:01:03]} Re1 {[%emt 0:00:00]} 75. Kh2 {[%emt 0:00:08]} e2 {[%emt 0:00:00]} 76. Rg5 {[%emt 0:00:05]} Rh1+ {[%emt 0:00:00]} 0-1